000 00461nmm a2200169Ia 4500
008 251105s9999||||xx |||||||||||||||||und||
020 _a9788481099409
041 _aspa
100 _aStevenson, Mark
245 0 _aUn viaje optimista por el futuro
264 _a[Madrid, España] :
_bGalaxia Gutenberg,
_c2011
300 _a334 páginas
490 _aEnsayo
650 _aSciences
856 _uhttps://public.digitaliapublishing.com/a/28802
942 _cCF
999 _c85818
_d85818